[Event "Stockholm op (Women)"]
[Site "Stockholm"]
[Date "1998.08.03"]
[Round "3"]
[White "Jiretorn, Eva"]
[Black "Guindy, Esmat"]
[Result "0-1"]
[WhiteElo "2065"]
[BlackElo "2160"]

1.d4 d5 2.c4 dxc4 3.e3 c5 4.Nf3 Nf6 5.Bxc4 e6 6.O-O a6 7.dxc5 Qxd1 8.Rxd1 Bxc5
9.a3 b5 10.Be2 Ke7 11.b4 Bd6 12.Bb2 Bb7 13.Nc3 Nbd7 14.Rd2 Rhd8 15.Rad1 Nb6
16.Nd4 Rac8 17.Nb3 Nbd5 18.Nxd5+ Bxd5 19.Nd4 Ne4 20.Rc2 Rxc2 21.Nxc2 Bb3
22.Bd3 Bc7 23.Bd4 Bxh2+ 24.Kxh2 Nxf2 25.Rb1 Ba4 26.Ne1 Nxd3 27.Nxd3 Bc2 28.Rc1 Bxd3
29.Rc7+ Rd7 30.Bc5+ Kd8 31.Rc6 Be4 32.Rxa6 Rd2 33.Rb6 Bxg2 34.Kg1 Bd5 35.Rxb5 Rg2+
36.Kf1 Bc4+ 37.Kxg2 Bxb5 38.Bf8 g6 39.Kg3 f6 40.Bc5 Kd7 41.e4 e5 42.Kf3 f5
43.exf5 gxf5 44.Bf8 Ke6 45.Bh6 Kd5 46.Ke3 f4+ 47.Kd2 Ke4 48.Kc2 Ke3 49.Kb3 Ke2
50.a4 Bxa4+ 51.Kxa4 f3 52.b5 f2 53.Ka5 f1=Q 54.Ka6 Qf6+  0-1

[Event "MK Cafe Cup-A"]
[Site "Koszalin"]
[Date "1998.08.04"]
[Round "2"]
[White "Rogozenko, Dorin"]
[Black "Vaulin, Alexander"]
[Result "1/2-1/2"]
[WhiteElo "2435"]
[BlackElo "2550"]

1.d4 d5 2.c4 dxc4 3.e3 e6 4.Bxc4 Nf6 5.Nf3 c5 6.Qe2 Nc6 7.O-O cxd4 8.exd4 Be7
9.Rd1 O-O 10.Nc3 Na5 11.Bd3 b6 12.Bg5 Bb7 13.Rac1 Rc8 14.Ba6 h6 15.Bxb7 Nxb7
16.Be3 Nd6 17.Ne5 Rc7 18.Bf4 Re8 19.Qf3 Qa8 20.d5 exd5 21.Ng4 Nxg4 22.Nxd5 Rxc1
23.Nxe7+ Kh7 24.Rxc1 Qxf3 25.gxf3 Rxe7 26.Bxd6  1/2-1/2

[Event "MK Cafe Cup-A"]
[Site "Koszalin"]
[Date "1998.08.06"]
[Round "4"]
[White "Umanskaya, Irina"]
[Black "Kaminski, Marcin"]
[Result "1/2-1/2"]
[WhiteElo "2325"]
[BlackElo "2530"]

1.Nf3 d5 2.d4 Nf6 3.c4 dxc4 4.e3 e6 5.Bxc4 c5 6.dxc5 Qxd1+ 7.Kxd1 Bxc5 8.Ke2 a6
9.a3 Nbd7 10.Nbd2 O-O 11.h3 b6 12.b4 Be7 13.Bb2 a5 14.bxa5 Rxa5 15.Nb3 Ra4
16.Bb5 Ba6 17.Bxa6 Rxa6 18.Nfd4 Nd5 19.Rhd1 Nc5 20.Nxc5 Bxc5 21.Rab1 Rfa8
22.Rd3 Ra4 23.Nb5 h5 24.Rc1 Kh7 25.Nc3 Nxc3+ 26.Rcxc3 R8a7 27.Rb3 Kg6 28.Bd4 Rxa3
29.Rxa3 Rxa3 30.Rxa3 Bxa3 31.Bxb6  1/2-1/2

[Event "MK Cafe Cup-A"]
[Site "Koszalin"]
[Date "1998.08.06"]
[Round "4"]
[White "Maksimenko, Andrei"]
[Black "Vaulin, Alexander"]
[Result "1/2-1/2"]
[WhiteElo "2500"]
[BlackElo "2550"]

1.d4 d5 2.Nf3 e6 3.c4 dxc4 4.e3 Nf6 5.Bxc4 c5 6.Qe2 cxd4 7.exd4 Nc6 8.O-O Be7
9.Rd1 O-O 10.Nc3 Na5 11.Bd3 b6 12.Bg5 Bb7 13.Rac1 Rc8 14.h4 h6 15.Bxf6 Bxf6
16.h5 Re8 17.b4 Nc6  1/2-1/2

[Event "Budapest FS08 IM-B"]
[Site "Budapest"]
[Date "1998.08.07"]
[Round "7"]
[White "Kolbus, Dietmar"]
[Black "Ganguly, Surya Shekhar"]
[Result "1/2-1/2"]
[WhiteElo "2320"]
[BlackElo "2300"]

1.d4 d5 2.c4 dxc4 3.Nf3 Nf6 4.e3 e6 5.Bxc4 c5 6.O-O a6 7.a4 Nc6 8.Nc3 Be7
9.dxc5 Qxd1 10.Rxd1 Bxc5 11.h3 b6 12.e4 Na5 13.Ba2 Bb7 14.e5 Nd7 15.Re1 Bxf3
16.gxf3 Nc6 17.f4 g5 18.fxg5 Ndxe5 19.Kg2 O-O-O 20.Ne4 Bb4 21.Rf1 Nd3 22.Be3 Kb7
23.Rab1 Be7 24.Bc4 Nce5 25.Bxd3 Nxd3 26.Rfd1 Rd5 27.Kf1 Rhd8 28.Rd2 Nc5 29.Rxd5 Rxd5
30.Nc3 Re5 31.Rd1 Kc8 32.h4 Bd8 33.Rd4 f6 34.Rc4 Kb7 35.Bd4 Rf5  1/2-1/2

[Event "MK Cafe Cup-A"]
[Site "Koszalin"]
[Date "1998.08.10"]
[Round "8"]
[White "Pyda, Zbigniew"]
[Black "Kaminski, Marcin"]
[Result "1/2-1/2"]
[WhiteElo "2405"]
[BlackElo "2530"]

1.d4 d5 2.c4 dxc4 3.Nf3 Nf6 4.e3 e6 5.Bxc4 c5 6.O-O a6 7.dxc5 Bxc5 8.Qxd8+ Kxd8
9.a3 Ke7 10.b4 Bd6 11.Bb2 b5 12.Be2 Bb7 13.Nbd2 Nbd7 14.Nd4 Nb6 15.Rac1 Rhc8
16.N2b3 Rxc1 17.Rxc1 Rc8 18.Rxc8 Bxc8 19.Nc6+ Kf8 20.Nba5 Nfd5 21.Bd4 Na4
22.Bd3 h6 23.f4 f6 24.Kf2 Ne7 25.g3 Nxc6 26.Nxc6 Ke8 27.Be4 Bb7 28.Bf3 Kd7
29.Na5 Bxf3 30.Kxf3 e5 31.fxe5 fxe5 32.Ba1  1/2-1/2

[Event "POL-chTJ"]
[Site "Rowy"]
[Date "1998.08.23"]
[Round "4"]
[White "Radziewicz, Iweta"]
[Black "Dobosz, Lukasz"]
[Result "1-0"]
[WhiteElo "2425"]
[BlackElo "2190"]

1.Nf3 d5 2.d4 Nf6 3.c4 dxc4 4.e3 e6 5.Bxc4 c5 6.O-O a6 7.a4 Nc6 8.Qe2 cxd4
9.Rd1 Be7 10.exd4 O-O 11.Bg5 Nb4 12.Ne5 Nfd5 13.Bxe7 Qxe7 14.Ra3 Bd7 15.Qe4 b5
16.axb5 axb5 17.Bf1 Rxa3 18.Nxa3 Rb8 19.Rc1 f5 20.Qe1 g6 21.Rc5 Be8 22.Bxb5 Qh4
23.Nf3 Qe4 24.Qxe4 fxe4 25.Ne5 Bxb5 26.Rxb5 Rxb5 27.Nxb5 Kg7 28.Nc4 Nc2 29.g3 Kf6
30.Kf1 e3 31.Nxe3 Ndxe3+ 32.fxe3 Nxe3+ 33.Ke2 Nd5 34.Kd3 Kf5 35.Nc3 Nb6 36.h3 h5
37.b4 g5 38.Nd1 e5 39.Ne3+ Ke6 40.d5+ Kf6 41.Nc4  1-0

[Event "Herzliya"]
[Site "Herzliya"]
[Date "1998.09.06"]
[Round "1"]
[White "Wells, Peter K"]
[Black "Zifroni, Dov"]
[Result "1-0"]
[WhiteElo "2515"]
[BlackElo "2505"]

1.Nf3 d5 2.d4 Nf6 3.c4 dxc4 4.e3 e6 5.Bxc4 c5 6.O-O a6 7.a4 Nc6 8.Qe2 cxd4
9.Rd1 Be7 10.exd4 O-O 11.Nc3 Nb4 12.Ne5 Bd7 13.Bg5 Bc6 14.Nxc6 bxc6 15.a5 Nfd5
16.Bxe7 Qxe7 17.Na4 Nc7 18.Rac1 Rfd8 19.Nb6 Rab8 20.Qe1 Na8 21.Na4 Qc7 22.Nc5 Qxa5
23.Nxa6 Rb7 24.Nc5 Rbb8 25.Rd3 Nc7 26.Rg3 Qb6 27.Qe5 g6 28.Rb3 Qa5 29.h4 Ncd5
30.Bxd5 exd5 31.Nd7 Rb7 32.Nf6+ Kf8 33.Nxh7+ Kg8 34.Nf6+ Kf8 35.h5 gxh5 36.Rg3  1-0

[Event "CRO-chT"]
[Site "Porec"]
[Date "1998.09.12"]
[Round "6"]
[White "Shariyazdanov, Andrey"]
[Black "Stevic, Hrvoje"]
[Result "1-0"]
[WhiteElo "2530"]
[BlackElo "2465"]

1.d4 d5 2.c4 dxc4 3.Nf3 Nf6 4.e3 e6 5.Bxc4 c5 6.O-O a6 7.Bd3 cxd4 8.exd4 Be7
9.Nc3 Nc6 10.Bg5 O-O 11.Rc1 Nd5 12.h4 h6 13.Bxe7 Ncxe7 14.Bb1 b6 15.Qd3 Nf6
16.Ne4 Ned5 17.Nxf6+ Nxf6 18.Ne5 Bb7 19.f3 h5 20.Rf2 a5 21.Rfc2 Ba6 22.Qd2 Nd5
23.g3 Qf6 24.Qg5 Qxg5 25.hxg5 g6 26.Kf2 Kg7 27.Rc6 Bb5 28.Rd6 Rac8 29.Rxc8 Rxc8
30.Be4 Rc1 31.Bxd5 Rc2+ 32.Ke3 exd5 33.Rxb6 Rxb2 34.Kf4 a4 35.Rb7 a3 36.Rxf7+ Kg8
37.Ra7 Rxa2 38.Nxg6 Ra1 39.Ke5 Bd3 40.Kf6 Bxg6 41.Kxg6 Kf8 42.f4 a2 43.f5  1-0

[Event "CRO-chT"]
[Site "Porec"]
[Date "1998.09.13"]
[Round "7"]
[White "Franic, Milan"]
[Black "Brumen, Dinko"]
[Result "1-0"]
[WhiteElo "2445"]
[BlackElo "2355"]

1.d4 d5 2.c4 dxc4 3.Nf3 Nf6 4.e3 e6 5.Bxc4 c5 6.O-O a6 7.Bd3 Nbd7 8.a4 b6
9.Qe2 Bb7 10.Rd1 Qb8 11.Nbd2 Be7 12.Nc4 cxd4 13.exd4 O-O 14.Bg5 h6 15.Bh4 Qf4
16.Bg3 Bxf3 17.gxf3 Qg5 18.Ne5 Nxe5 19.dxe5 Nh5 20.Qe4 g6 21.Kg2 Nxg3 22.hxg3 h5
23.f4 Qh6 24.Rac1 a5 25.Rc7 Bc5 26.Bc4 Rad8 27.Rcd7 Rxd7 28.Rxd7 h4 29.Qf3 Re8
30.Qg4 h3+ 31.Qxh3 Qxh3+ 32.Kxh3 Bxf2 33.g4 Kf8 34.f5 gxf5 35.gxf5 Re7 36.Rd8+ Re8
37.Rd7 Re7 38.Rd2 Be3 39.Rd3 Rc7 40.b3 Bc1 41.Rd8+ Ke7 42.Rd1 Bg5 43.f6+ Bxf6
44.exf6+ Kxf6 45.Rd6 Rb7 46.Ba6 Rb8 47.Rd7 Kg6 48.Kg3 e5 49.Rb7 Rxb7 50.Bxb7 Kg5
51.Kf3 f5 52.Bc8 Kf6 53.Bd7 Kg5 54.Be6 e4+ 55.Kg3 f4+ 56.Kh3 Kf6 57.Bc4 Kg5
58.Bb5 Kf5 59.Kh4 Ke5 60.Kg4 f3 61.Bc4 Kd4 62.Kf4  1-0

[Event "ESP-chT"]
[Site "Salamanca"]
[Date "1998.09.13"]
[Round "9"]
[White "Estremera Panos, Sergio"]
[Black "Magem Badals, Jorge"]
[Result "1/2-1/2"]
[WhiteElo "2405"]
[BlackElo "2540"]

1.d4 d5 2.Nf3 Nf6 3.c4 dxc4 4.e3 e6 5.Bxc4 c5 6.O-O Nc6 7.Nc3 a6 8.Bd3 cxd4
9.exd4 Be7 10.Re1 O-O 11.a3 b5 12.Bc2 Bb7 13.Qd3 b4 14.Na4 bxa3 15.bxa3 Na5
16.Rb1 Bxf3 17.Qxf3 Rc8 18.Qd3 Qc7 19.Re2 Nc4 20.Nc5 Bxc5 21.Qxc4 Bd6 22.Qxc7 Rxc7
23.Bd3 Rc3 24.Bxa6 Rxa3 25.Be3 h6 26.g3 Nd5 27.Ree1 Rc8 28.Bf1 Be7 29.Bg2 Bf6
30.Rec1 Rxc1+ 31.Rxc1 Ne7 32.Rd1 Nf5 33.d5 Nxe3 34.fxe3 exd5 35.Bxd5  1/2-1/2

[Event "CRO-chT"]
[Site "Porec"]
[Date "1998.09.14"]
[Round "8"]
[White "Galic, Zeljko"]
[Black "Ascic, Anto"]
[Result "1-0"]
[WhiteElo "2365"]
[BlackElo "2310"]

1.c4 Nf6 2.Nf3 e6 3.e3 d5 4.d4 dxc4 5.Bxc4 c5 6.O-O Nc6 7.Qe2 a6 8.a4 Qc7
9.Nc3 Be7 10.Rd1 O-O 11.h3 Rd8 12.d5 exd5 13.Nxd5 Nxd5 14.Bxd5 Nb4 15.e4 Nxd5
16.exd5 Bf5 17.Ne5 f6 18.Nc4 Bd6 19.a5 Re8 20.Be3 Bh2+ 21.Kh1 Rad8 22.Qd2 Be5
23.Nxe5 Qxe5 24.Rac1 Be4 25.Rxc5 Qf5 26.Kh2 Re5 27.Qb4 Bxd5 28.Qf4 Qe6 29.b4 Rd7
30.Qg3 Kf7 31.Qh4 Qf5 32.Qg3 Qe4 33.Rd4 Qb1 34.Rg4 g6 35.Rd4 h5 36.Qh4 Qf5
37.Qg3 Qb1 38.Rc1 Qf5 39.Rcd1 Qe6 40.Bf4 Re4 41.Be3 h4 42.Qb8 Rxd4 43.Rxd4 g5
44.Kg1 Bc6 45.Rxd7+ Qxd7 46.Bc5 Qd1+ 47.Kh2 Qd5 48.f3 Qa2 49.Kg1 Qe6 50.Kf2 Kg6
51.Qd6 Qa2+ 52.Kg1 Kf7 53.Bd4 Qb1+ 54.Kh2 Qf5 55.Bc5 Qd5 56.Qe7+ Kg6 57.Qe2 Qf5
58.Qe3 Qc2 59.Bd4 Qc4 60.Bc3 Qd5 61.Qe7 Qf5 62.Qd6 Kf7 63.Qd4 Kg6 64.Qe3 Qd7
65.Qd4 Qf5 66.Qd6 Kf7 67.Qd4 Bd5 68.Qe3 Bc4 69.Qd4 Bd5 70.Qe3 Bc6 71.Qd2 Kg7
72.Qd4 Kf7 73.Qc4+ Bd5 74.Qc7+ Kg6 75.Qd6 Bc6 76.Bd4 Bb5 77.Be3 Bc6 78.Qd4 Kf7
79.Qc4+ Bd5 80.Qc7+ Kg6 81.Qd6 Bc6 82.Qd4 Kf7 83.Qc4+ Bd5 84.Qd4 Bc6 85.Qd6 Bb5
86.Qc7+ Kg6 87.Qd6 Kf7 88.Qd4 Qe6 89.f4 Qf5  1-0

[Event "CRO-chT"]
[Site "Porec"]
[Date "1998.09.15"]
[Round "9"]
[White "Kozul, Zdenko"]
[Black "Stevic, Hrvoje"]
[Result "0-1"]
[WhiteElo "2570"]
[BlackElo "2465"]

1.d4 d5 2.c4 dxc4 3.Nf3 Nf6 4.e3 e6 5.Bxc4 c5 6.O-O a6 7.Bd3 cxd4 8.exd4 Be7
9.Bg5 Nc6 10.a3 b5 11.Bc2 Bb7 12.Qd3 g6 13.Nbd2 O-O 14.Nb3 Na5 15.Nxa5 Qxa5
16.Ne5 Qd8 17.Bb3 Nd7 18.Bxe7 Nxe5 19.Bxd8 Nxd3 20.Bf6 Bd5 21.Bxd5 exd5 22.Rab1 Rac8
23.Rfd1 Nf4 24.Be5 Ne6 25.Rbc1 Rxc1 26.Rxc1 f6 27.Bd6 Nxd4 28.Kf1 Re8 29.Rd1 Nf5
30.Bb4 Rd8 31.g4 Nh6 32.h3 f5 33.g5 Nf7 34.f4 Rd7 35.h4 Nd8 36.Rc1 Kf7 37.Rc8 d4
38.Bd2 Nb7 39.Rc6 Nd6 40.Rxa6 Nc4 41.Rf6+ Kg8 42.Ke1 Nxb2 43.h5 gxh5 44.Rxf5 Re7+
45.Kf2 d3 46.Bb4 Rd7 47.Rxb5 d2 48.Bxd2 Rxd2+ 49.Kg3 Nc4 50.f5 Nd6 51.Ra5 Rd4
52.Ra8+ Kg7 53.f6+ Kg6 54.Rg8+ Kf5 55.Rg7 Ne4+ 56.Kg2 Nxg5 57.f7 Rd8 58.a4 Kf6
59.Rg8 Nxf7 60.Rxd8 Nxd8 61.a5 Nc6 62.a6 Kg5 63.Kg3 h4+  0-1

[Event "Elista ol (Men)"]
[Site "Elista"]
[Date "1998.09.30"]
[Round "2"]
[White "Spangenberg, Hugo"]
[Black "Gonzalez Garcia, Jose"]
[Result "1-0"]
[WhiteElo "2520"]
[BlackElo "2445"]

1.Nf3 d5 2.d4 Nf6 3.c4 dxc4 4.e3 e6 5.Bxc4 c5 6.Qe2 a6 7.dxc5 Bxc5 8.O-O b5
9.Bd3 Nc6 10.a3 Qc7 11.b4 Bd6 12.Bb2 Ng4 13.h3 Nge5 14.Nxe5 Bxe5 15.Rc1 Bxb2
16.Qxb2 Qe5 17.Qxe5 Nxe5 18.Be4 Rb8 19.Nd2 O-O 20.f4 Nd7 21.Rc7 Nb6 22.Nf3 f5
23.Bc6 Rf7 24.Rxf7 Kxf7 25.Ne5+ Kf6 26.Rc1 g5 27.Bf3 Nc4 28.Nxc4 bxc4 29.Rxc4 Bb7
30.Bxb7 Rxb7 31.fxg5+ Kxg5 32.Rc6 a5 33.bxa5 Rb3 34.Rxe6 Rxa3 35.a6 Ra2 36.Kh2 h5
37.Kg3 h4+ 38.Kf3 Ra3 39.Rb6 Ra1 40.g3 hxg3 41.Kxg3 Rg1+ 42.Kf2 Ra1 43.Kf3 Rf1+
44.Ke2 Ra1 45.Kd3 Kh4 46.Rh6+ Kg5 47.Re6  1-0

[Event "Budapest FS10 IM-B"]
[Site "Budapest"]
[Date "1998.10.04"]
[Round "2"]
[White "Hammes, Michael"]
[Black "Zalkind, Karmi"]
[Result "1/2-1/2"]
[WhiteElo "2360"]
[BlackElo "2265"]

1.d4 d5 2.c4 dxc4 3.Nf3 Nf6 4.e3 e6 5.Bxc4 c5 6.O-O a6 7.Nc3 b5 8.Bb3 Bb7
9.Qe2 Nbd7 10.Rd1 Qb6 11.d5 Nxd5 12.Nxd5 Bxd5 13.Bxd5 exd5 14.Rxd5 Qb7 15.e4 Be7
16.Bg5 Nb6 17.Re1 O-O 18.Rdd1 Rfe8 19.e5 Bf8 20.Qc2 h6 21.Bh4 Re6 22.Qf5 Rae8
23.Bg3 g6 24.Qc2 Qe7 25.h4 Bg7 26.b4 Nc4 27.bxc5 Qxc5 28.Nd4 R6e7 29.h5 Qb6
30.hxg6 fxg6 31.Nf3 g5 32.Qf5 Qe6 33.Qc2 Qf7 34.Re4 Nxe5 35.Nxe5 Bxe5 36.Bxe5 Rxe5
37.Rxe5 Rxe5 38.Qc8+ Re8 39.Qxa6 Re2 40.Qc8+ Re8 41.Qc6 Rf8 42.f3 g4 43.Qxh6 gxf3
44.Qg5+ Qg7 45.Qxg7+ Kxg7 46.g3 Ra8 47.Rd2 Kf6 48.Kf2 Ra3 49.Rb2 Kg6 50.Rxb5  1/2-1/2

[Event "Elista ol (Men)"]
[Site "Elista"]
[Date "1998.10.04"]
[Round "6"]
[White "Tsedenov, Sanal"]
[Black "Naes, Flovin Tor"]
[Result "0-1"]
[WhiteElo "2100"]
[BlackElo "2100"]

1.d4 d5 2.c4 dxc4 3.Nf3 Nf6 4.e3 e6 5.Bxc4 c5 6.O-O a6 7.Bb3 Nc6 8.Qe2 Qc7
9.Rd1 Be7 10.Nc3 O-O 11.e4 cxd4 12.Nxd4 Nxd4 13.Rxd4 Nd7 14.Be3 b5 15.Rc1 Nc5
16.Bd1 b4 17.Rc4 Qa5 18.a3 Nb7 19.axb4 Bxb4 20.Na4 Nd6 21.Bb6 Qg5 22.h4 Qb5
23.Rxb4 Qxb4 24.Bc5 Qb5 25.Bxd6 Rd8 26.e5 Bb7 27.Nc5 Rac8 28.Qxb5 axb5 29.Be2 b4
30.Rd1 Bd5 31.Bf3 Bxf3 32.gxf3 Rxc5 33.Rd4 Rb5 34.Rxb4 Rxb4 35.Bxb4 Rd4 36.Be7 Rd5
37.f4 Rd4 38.Kg2 h5 39.Kg3 Rd3+ 40.f3 Rb3 41.Ba3 Kh7 42.Kf2 Kg6 43.Kg3 Kf5
44.Bf8 Rb8 45.Ba3 Rb7 46.Bf8 Rb8 47.Ba3 f6 48.Bd6 Rxb2 49.Bc7 Rb5 50.Bd6 fxe5
51.fxe5 Rxe5 52.Bf8 g6 53.Bh6 Rb5  0-1

[Event "Elista ol (Men)"]
[Site "Elista"]
[Date "1998.10.05"]
[Round "7"]
[White "Varas, Carlos"]
[Black "Naes, Flovin Tor"]
[Result "1/2-1/2"]
[WhiteElo "2305"]
[BlackElo "2100"]

1.d4 d5 2.e3 Nf6 3.c4 dxc4 4.Bxc4 e6 5.Nf3 c5 6.O-O a6 7.Qe2 Nc6 8.Nc3 Qc7
9.a3 b5 10.Bd3 Bb7 11.dxc5 Bxc5 12.b4 Bd6 13.Ne4 Nxe4 14.Bxe4 Ne5 15.Bxb7 Qxb7
16.Nxe5 Bxe5 17.Bb2 Bxb2 18.Qxb2 O-O  1/2-1/2

[Event "Elista ol (Men)"]
[Site "Elista"]
[Date "1998.10.05"]
[Round "7"]
[White "Moldobaev, Emil"]
[Black "Kaminski, Marcin"]
[Result "1/2-1/2"]
[WhiteElo "2490"]
[BlackElo "2530"]

1.d4 d5 2.c4 dxc4 3.Nf3 Nf6 4.e3 e6 5.Bxc4 c5 6.O-O a6 7.b3 cxd4 8.Nxd4 Bd6
9.Bb2 O-O 10.Nd2 e5 11.N4f3 Qe7 12.Ng5 Nc6 13.Nde4 Nxe4 14.Nxe4 Bb8 15.Qh5 h6
16.Rad1 Be6 17.Bxe6 Qxe6 18.Nc5 Qe7 19.Nd7 Rd8 20.Nb6 Ra7 21.Qg4 Qc7 22.Nd5 Qc8
23.Nf6+ Kh8 24.Rxd8+ Qxd8 25.Nh5 Qg5 26.Qxg5 hxg5 27.Rd1 b6 28.g4 Kg8 29.Ng3 f6
30.Ba3 Kf7 31.Kg2 Ke6 32.Ne4 Rc7 33.Rd6+ Kf7 34.Rd2 Ke6 35.Rd6+ Kf7 36.Rd2  1/2-1/2

[Event "Elista ol (Men)"]
[Site "Elista"]
[Date "1998.10.06"]
[Round "8"]
[White "Olcayoz, Alper"]
[Black "Perdomo, Carlos Andres"]
[Result "1/2-1/2"]
[WhiteElo "2345"]
[BlackElo "2410"]

1.d4 d5 2.Nf3 Nf6 3.c4 dxc4 4.e3 e6 5.Bxc4 c5 6.O-O a6 7.dxc5 Qxd1 8.Rxd1 Bxc5
9.Nc3 b5 10.Be2 Bb7 11.Bd2 O-O 12.Rac1 Be7 13.Ne5 Bd6 14.Bf3 Ra7 15.Bxb7 Rxb7
16.Nf3 Nbd7 17.Be1 Be7 18.Ne2 Nb6 19.Ned4 Ne4 20.Nc6 Bf6 21.Nfe5 Bxe5 22.Nxe5 f6
23.Nd3 Rd7 24.Nb4 Rxd1 25.Rxd1 Ra8 26.f3 Nc5 27.b3 Kf7 28.Rd6 Nbd7 29.Nc6 Nf8
30.Na5 e5 31.Bb4 Nfe6 32.Kf1 Rc8 33.Nc6 Rc7 34.Nb8 e4 35.Nxa6 Nxa6 36.Rxa6 exf3
37.gxf3 Rc2 38.h4 Rh2 39.Be1 g5 40.Bg3 Rb2 41.Ra7+ Kg6 42.h5+ Kxh5 43.Rxh7+ Kg6
44.Rb7 Rb1+ 45.Ke2 Rb2+ 46.Ke1 Rxa2 47.Rxb5 Ng7 48.Rb6 Nf5 49.Bf2 Nh4 50.Bxh4 gxh4
51.Kf1 h3 52.Kg1 Re2 53.Re6 Kg5 54.b4 Rg2+ 55.Kh1 Rb2 56.b5 f5 57.Re5 Kh4
58.Rxf5 Rb1+ 59.Kh2 Rb2+ 60.Kg1 Rb1+ 61.Kh2 Rb2+  1/2-1/2

[Event "Budapest FS10 IM-B"]
[Site "Budapest"]
[Date "1998.10.08"]
[Round "6"]
[White "Eperjesi, Laszlo"]
[Black "Zalkind, Karmi"]
[Result "1-0"]
[WhiteElo "2305"]
[BlackElo "2265"]

1.d4 d5 2.Nf3 Nf6 3.c4 dxc4 4.e3 e6 5.Bxc4 c5 6.O-O a6 7.a4 Nc6 8.Qe2 cxd4
9.Rd1 Be7 10.Nxd4 Nxd4 11.Rxd4 Qc7 12.b3 e5 13.Rd1 O-O 14.Bb2 e4 15.h3 Be6
16.Nd2 Bxc4 17.Nxc4 Rfd8 18.Rac1 Rxd1+ 19.Qxd1 Rd8 20.Qc2 h6 21.Bd4 Nd5 22.Qxe4 Bf6
23.Bxf6 Nxf6 24.Qe5 Qc6 25.Qb2 Rd5 26.Ne5 Qd6 27.Rc8+ Kh7 28.Rh8+  1-0

[Event "Elista ol (Men)"]
[Site "Elista"]
[Date "1998.10.09"]
[Round "10"]
[White "Hillarp Persson, Tiger"]
[Black "Egin, Vladimir"]
[Result "1-0"]
[WhiteElo "2410"]
[BlackElo "2440"]

1.d4 d5 2.c4 dxc4 3.e3 Nf6 4.Bxc4 e6 5.Nf3 c5 6.Qe2 a6 7.dxc5 Bxc5 8.O-O b5
9.Bd3 Nc6 10.Nbd2 Bb7 11.a3 Bd6 12.Nb3 O-O 13.Rd1 Qb8 14.h3 Rc8 15.e4 Ne5
16.Nxe5 Bxe5 17.Na5 Nd7 18.Be3 Nc5 19.Rac1 Nxd3 20.Rxc8+ Qxc8 21.Qxd3 Bc7
22.Rc1 Qb8 23.Nxb7 Qxb7 24.Qc3 Bd6 25.Qc6 Qxc6 26.Rxc6 Be5 27.b3 h6 28.Kf1 a5
29.a4 bxa4 30.bxa4 Rd8 31.Ke2 Bd4 32.Bd2 Bxf2 33.Bxa5 Ra8 34.Bc3 Bg1 35.a5 Kf8
36.Bb4+ Ke8 37.Kd3 Kd7 38.Rc1 Bh2 39.Bc3 Bc7 40.Ra1 g6 41.a6 Bb6 42.Bd4 Ba7
43.Bxa7 Rxa7 44.Kd4 Kd6 45.e5+ Kc6 46.Kc4 h5 47.h4 Rc7 48.Kb4 Ra7 49.Rd1 Ra8
50.Rd6+ Kc7 51.Kc5 Ra7 52.Kb5 Ra8 53.Rc6+ Kd7 54.Rb6  1-0

[Event "Budapest FS10 IM-B"]
[Site "Budapest"]
[Date "1998.10.10"]
[Round "8"]
[White "Papp, Gellert"]
[Black "Zalkind, Karmi"]
[Result "1-0"]
[WhiteElo "2205"]
[BlackElo "2265"]

1.d4 d5 2.Nf3 Nf6 3.c4 dxc4 4.e3 e6 5.Bxc4 c5 6.O-O a6 7.Bd3 Nc6 8.dxc5 Bxc5
9.a3 e5 10.Nc3 O-O 11.b4 Ba7 12.h3 h6 13.Bb2 Qe7 14.Ne4 Ne8 15.Rc1 f5 16.Bc4+ Kh7
17.Nc5 Nf6 18.Qc2 a5 19.b5 Nd8 20.Ba2 e4 21.Nd4 Bb8 22.Rfd1 Bd6 23.Na4 Nd7
24.Qb3 Nc5 25.Nxc5 Bxc5 26.Qd5 Bb6 27.Rxc8 Rxc8 28.Nxf5 Qc5 29.Nxg7 Qxd5
30.Bxd5 Nf7 31.Bxe4+ Kg8 32.Nf5 Rce8 33.Bb1 Bc5 34.Rd7 Rd8 35.Nxh6+  1-0

[Event "Elista ol (Men)"]
[Site "Elista"]
[Date "1998.10.10"]
[Round "11"]
[White "Ilincic, Zlatko"]
[Black "Vera, Reynaldo"]
[Result "1/2-1/2"]
[WhiteElo "2570"]
[BlackElo "2530"]

1.d4 d5 2.c4 e6 3.Nf3 c6 4.e3 Nf6 5.Bd3 dxc4 6.Bxc4 c5 7.O-O a6 8.b3 b6 9.Bb2 Bb7
10.Nbd2 Nbd7 11.Rc1 Be7 12.Qe2 O-O 13.e4 b5 14.Bd3 cxd4 15.Nxd4 Qb6 16.Bb1 Rfd8
17.Rfd1 Rac8  1/2-1/2

[Event "Bourbon Lancy op"]
[Site "Bourbon Lancy"]
[Date "1998.10.28"]
[Round "6"]
[White "Chatalbashev, Boris"]
[Black "Legky, Nikolay A"]
[Result "1/2-1/2"]
[WhiteElo "2535"]
[BlackElo "2465"]

1.d4 d5 2.c4 dxc4 3.Nf3 Nf6 4.e3 e6 5.Bxc4 c5 6.O-O Nc6 7.Qe2 cxd4 8.Rd1 Be7
9.exd4 O-O 10.Nc3 Na5 11.Bd3 b6 12.Qe5 Bd6 13.Qg5 Bb7 14.Ne5 Nc6 15.Qh4 Ne7
16.Bg5 Ng6 17.Nxg6 fxg6 18.Bc4 Qc8 19.Bb3 Nd5 20.Re1 Bb4 21.Bd2 Bxc3 22.bxc3 Qd7
23.c4 Ne7 24.Rad1 Nf5 25.Qh3 Rfe8 26.Bf4 Qf7 27.Be5 Red8 28.Rd3 Rac8 29.Red1 Ne7
30.Qg3 Ba6 31.Rc3 Nc6 32.Bd6 Na5 33.c5 Nxb3 34.axb3 Bb7 35.b4 b5 36.Re3  1/2-1/2

[Event "Wch U16 Girls"]
[Site "Oropesa del Mar"]
[Date "1998.10.29"]
[Round "4"]
[White "Shabanova, Svetlana"]
[Black "Sales Montealegre, Raquel"]
[Result "1/2-1/2"]
[WhiteElo "2120"]
[BlackElo "2130"]

1.d4 d5 2.c4 dxc4 3.e3 Nf6 4.Bxc4 e6 5.Nf3 c5 6.Nc3 a6 7.a4 Nbd7 8.O-O Qc7
9.b3 Bd6 10.Ne2 b6 11.Ng3 Bb7 12.Bb2 O-O 13.Rc1 Qb8 14.Re1 Rd8 15.Bd3 cxd4
16.Bxd4 Bc5 17.Qc2 Bxf3 18.gxf3 Bxd4 19.exd4 Nf8 20.Qc4 Qf4 21.Be4 Nd5 22.Qc6 Rab8
23.Kh1 Ng6 24.Rg1 Nge7 25.Qc2 Rbc8 26.Qb1 Nf6 27.Rxc8 Nxc8 28.Qd3 Nd6 29.Qe3 Qh4
30.Rc1 Ndxe4 31.Nxe4 Nd5 32.Qd3 Qh3 33.Rg1 Qf5 34.Rg5 Qf4 35.Rg4 Qc1+ 36.Rg1 Qf4
37.Rg4 Qc1+ 38.Rg1 Qf4 39.Rg4  1/2-1/2

[Event "Hampstead IM4"]
[Site "Hampstead"]
[Date "1998.10.31"]
[Round "8"]
[White "Varga, Peter"]
[Black "Videki, Sandor"]
[Result "1/2-1/2"]
[WhiteElo "2445"]
[BlackElo "2420"]

1.d4 d5 2.c4 dxc4 3.Nf3 Nf6 4.e3 e6 5.Bxc4 c5 6.O-O a6 7.dxc5 Bxc5 8.Qxd8+ Kxd8
9.Rd1+ Ke7 10.a3 b5 11.Bd3 Bb7 12.Nc3 Nbd7  1/2-1/2

[Event "Wch U18"]
[Site "Oropesa del Mar"]
[Date "1998.10.31"]
[Round "6"]
[White "Gershon, Alik"]
[Black "Lopez Martinez, Jose Manuel"]
[Result "1/2-1/2"]
[WhiteElo "2460"]
[BlackElo "2350"]

1.d4 d5 2.c4 dxc4 3.e3 Nf6 4.Bxc4 e6 5.Nf3 c5 6.O-O Nc6 7.Qe2 cxd4 8.Rd1 Be7
9.exd4 O-O 10.Nc3 Na5 11.Bd3 b6 12.Bg5 Bb7 13.Rac1 Rc8 14.Bb1 Nc4 15.Ne5 Nd6
16.Qe3 Nd5 17.Qh3 f5 18.Bd2 Nxc3 19.Bxc3 Bd5 20.Re1 Qc7 21.Nd3 Nb5 22.Bb4 Qb7
23.Rxc8 Rxc8 24.Bxe7 Qxe7 25.Qxf5 exf5 26.Rxe7 Rc4 27.Re8+ Kf7 28.Re5 Rxd4
29.Rxf5+ Ke7 30.Rf4 Be4 31.f3 Bxd3 32.Rxd4 Bxb1 33.Rb4 Nd6 34.a3 Ke6 35.Kf2 Kd5
36.h4 Nc4 37.h5 Kc5 38.Rb3 b5 39.Rc3 Kd4 40.Rc1 Bd3 41.b3 Nxa3 42.Rc7 a5
43.Rxg7 b4 44.Ra7 Kc3 45.g4 a4 46.Rxa4 Kxb3 47.Ra7 Kc2 48.g5 Nb5 49.Rb7 b3
50.g6 hxg6 51.hxg6 b2 52.g7 b1=Q 53.g8=Q Qf1+ 54.Ke3 Qe2+ 55.Kf4 Qh2+ 56.Qg3  1/2-1/2

[Event "Chigorin mem"]
[Site "St. Petersburg"]
[Date "1998.11.02"]
[Round "3"]
[White "Kobalija, Mihail"]
[Black "Kashtanov, Ruslan"]
[Result "1-0"]
[WhiteElo "2505"]
[BlackElo "2320"]

1.d4 d5 2.c4 dxc4 3.e3 Nf6 4.Bxc4 e6 5.Nf3 c5 6.O-O a6 7.Bb3 b6 8.Nc3 Bb7
9.Qe2 Nbd7 10.Rd1 Qc7 11.e4 cxd4 12.Nxd4 Bb4 13.Bxe6 fxe6 14.Nxe6 Qe5 15.Nxg7+ Kf7
16.Nf5 Bxc3 17.bxc3 Bxe4 18.Nd6+ Ke6 19.f4 Qxd6 20.f5+ Ke7 21.Rxd6 Kxd6 22.Bf4+ Kc6
23.Rd1 Rad8 24.Bg5 Kb7 25.Rxd7+ Rxd7 26.Bxf6 Re8 27.Bd4 Rdd8 28.f6 Bd5 29.Qh5 Rh8
30.a3 Rd7 31.Qf5 Rhd8 32.g4 b5 33.h4 Kc6 34.g5 Re8 35.h5 Bf7 36.Qc5+ Kb7
37.Qb6+ Kc8 38.Qxa6+ Rb7 39.g6 hxg6 40.h6 Re6 41.Qa8+ Rb8 42.h7  1-0

[Event "Wch U18"]
[Site "Oropesa del Mar"]
[Date "1998.11.03"]
[Round "8"]
[White "Halkias, Stelios"]
[Black "Lopez Martinez, Jose Manuel"]
[Result "0-1"]
[WhiteElo "2435"]
[BlackElo "2350"]

1.d4 d5 2.c4 dxc4 3.Nf3 Nf6 4.e3 e6 5.Bxc4 c5 6.O-O Nc6 7.Qe2 cxd4 8.Rd1 Be7
9.exd4 O-O 10.Nc3 Na5 11.Bd3 b6 12.Qe5 Bd6 13.Qg5 Bb7 14.Ne5 g6 15.Qg3 Rc8
16.Bh6 Nh5 17.Qh3 Ng7 18.Ne2 Qe7 19.Nf3 Bxf3 20.Qxf3 Qh4 21.Bf4 Rcd8 22.Bg3 Bxg3
23.hxg3 Qe7 24.Ba6 Ne8 25.Rac1 Rd7 26.Bb5 Rc7 27.Qf4 Rxc1 28.Rxc1 Nd6 29.Ba6 Rd8
30.b4 Nab7 31.Rc6 Qd7 32.Nc3 Qxc6  0-1

[Event "Wch U18"]
[Site "Oropesa del Mar"]
[Date "1998.11.04"]
[Round "9"]
[White "Bekker Jensen, Simon"]
[Black "Kallio, Heikki"]
[Result "1/2-1/2"]
[WhiteElo "2260"]
[BlackElo "2360"]

1.d4 d5 2.c4 dxc4 3.Nf3 Nf6 4.e3 e6 5.Bxc4 c5 6.O-O a6 7.a4 Nbd7 8.Nc3 Qc7
9.Qe2 b6 10.d5 e5 11.Ng5 Bd6 12.Nge4 O-O 13.Nxd6 Qxd6 14.e4 Re8 15.Rb1 h6
16.g3 Bb7 17.Bd2 Re7 18.Rbe1 Ne8 19.f4 Nc7 20.f5 Bc8 21.h4 Rb8 22.Be3 Nf6
23.g4 b5 24.g5 bxc4 25.gxf6 Qxf6 26.Qg2 Ne8 27.h5 Reb7 28.Re2 Rb3 29.Rf3 Bd7
30.Rg3 Rxc3 31.bxc3 Rb1+ 32.Kh2 Bxa4 33.Rf2 Rd1 34.Bxc5 Rd3 35.Qh3 Rxg3 36.Qxg3 Bd1
37.Rg2 Ba4 38.d6 Bc6 39.Rd2 Qd8 40.Kh3 Nf6 41.Rg2 Nxh5 42.Qxe5 Kh7 43.Be3 Nf6
44.Qg3 Ne8 45.Qe5 Nf6 46.Qe7 Qxe7 47.dxe7 Bxe4 48.Rf2 Bc6 49.Rd2 Ne8 50.Kg4 g5
51.fxg6+ Kxg6 52.Bc5  1/2-1/2